[Event "Bangalore op 1st"]
[Site "Bangalore"]
[Date "2024.01.25"]
[Round "9"]
[White "Omidi, Arya"]
[Black "Deepan Chakkravarthy, J."]
[Result "0-1"]
[WhiteElo "2301"]
[BlackElo "2422"]
[PlyCount "114"]
[EventDate "2024.01.18"]
[EventType "swiss"]
[EventRounds "10"]
[EventCountry "IND"]
[SourceTitle "CB05_2024"]
[SourceDate "2024.01.31"]
[SourceVersion "1"]
[SourceVersionDate "2024.01.31"]
[SourceQuality "1"]

1. e4 c5 2. Nf3 d6 3. d4 cxd4 4. Nxd4 Nf6 5. Nc3 a6 6. Be3 e6 7. f3 b5 8. Qd2 Nbd7 9. 0-0-0 Bb7 10. Nb3 b4 11. Na4 d5 12. Nac5 Qc7 13. Nxb7 Qxb7 14. exd5 Nxd5 15. Bc4 N7f6 16. Bg5 Be7 17. Bxd5 Nxd5 18. Bxe7 Qxe7 19. Rhe1 Rd8 20. Nd4 Qd7 21. Qd3 0-0 22. Qxa6 Ra8 23. Qc6 Rfd8 24. Qxd7 Rxd7 25. Kb1 Rda7 26. Nb3 Rxa2 27. Rd4 h5 28. f4 g6 29. g3 Kg7 30. h3 R2a6 31. g4 h4 32. f5 g5 33. fxe6 fxe6 34. Rf1 Rc6 35. Rf2 Rac8 36. Nc1 Rc4 37. Rd3 Re4 38. Ne2 Rf8 39. Rxf8 Kxf8 40. Rf3+ Ke7 41. Nc1 Rf4 42. Rb3 Rf1 43. c4 bxc3 44. bxc3 Nf4 45. Rb7+ Kf6 46. c4 Ne2 47. Kc2 Rxc1+ 48. Kd2 Rxc4 49. Kxe2 Rc3 50. Rb4 Rxh3 51. Re4 Ra3 52. Kf2 Rd3 53. Kg2 e5 54. Ra4 Ke6 55. Ra6+ Kd5 56. Kf2 Rd4 57. Ra5+ Ke4 0-1

[Event "Bangalore op 1st"]
[Site "Bangalore"]
[Date "2024.01.23"]
[Round "7"]
[White "Dushyant, Sharma"]
[Black "Deepan Chakkravarthy, J."]
[Result "0-1"]
[WhiteElo "2357"]
[BlackElo "2422"]
[PlyCount "78"]
[EventDate "2024.01.18"]
[EventType "swiss"]
[EventRounds "10"]
[EventCountry "IND"]
[SourceTitle "CB05_2024"]
[SourceDate "2024.01.31"]
[SourceVersion "1"]
[SourceVersionDate "2024.01.31"]
[SourceQuality "1"]

1. e4 c5 2. Nf3 d6 3. d4 cxd4 4. Nxd4 Nf6 5. Nc3 a6 6. Bg5 Nbd7 7. Bc4 e6 8. Bb3 Nc5 9. Qe2 Be7 10. f4 h6 11. Bxf6 Bxf6 12. 0-0-0 Qc7 13. Kb1 Bd7 14. Qh5 g6 15. Qf3 0-0-0 16. g4 Qb6 17. Qe3 g5 18. f5 Kb8 19. Nde2 Ka7 20. Qf3 Be5 21. h4 Bc6 22. Rh3 a5 23. a4 Qb4 24. Qe3 Bxe4 25. Nd4 exf5 26. gxf5 g4 27. Rg3 Bxg3 28. Qxg3 Nxb3 29. Nxb3 Ka8 30. Nd5 Bxd5 31. Rxd5 Rhe8 32. Rxa5+ Kb8 33. Ka2 b6 34. Ra6 Kb7 35. Qd3 Rc8 36. a5 Qa4+ 37. Kb1 Re1+ 38. Nc1 Rxc1+ 39. Kxc1 Qxc2+ 0-1

[Event "Bangalore op 1st"]
[Site "Bangalore"]
[Date "2024.01.21"]
[Round "6"]
[White "Deepan Chakkravarthy, J."]
[Black "Short, Nigel D"]
[Result "0-1"]
[WhiteElo "2422"]
[BlackElo "2592"]
[PlyCount "80"]
[EventDate "2024.01.18"]
[EventType "swiss"]
[EventRounds "10"]
[EventCountry "IND"]
[SourceTitle "CB05_2024"]
[SourceDate "2024.01.31"]
[SourceVersion "1"]
[SourceVersionDate "2024.01.31"]
[SourceQuality "1"]

1. e4 e5 2. Nf3 Nc6 3. Bb5 a6 4. Ba4 Nf6 5. 0-0 Be7 6. Re1 b5 7. Bb3 d6 8. c3 0-0 9. h3 Na5 10. Bc2 c5 11. d4 Nd7 12. Nbd2 cxd4 13. cxd4 Nc6 14. Nf1 Nxd4 15. Nxd4 exd4 16. Qxd4 Ne5 17. Qd1 Bh4 18. Be3 Re8 19. Bb3 Be6 20. Bxe6 Rxe6 21. Rc1 Qd7 22. Bd4 Rae8 23. Rc2 Ng6 24. Qg4 Qe7 25. Rce2 h5 26. Qf5 Bf6 27. Bxf6 Rxf6 28. Qg5 Nf4 29. Re3 Qe5 30. Qxe5 dxe5 31. Rc3 Rg6 32. Rg3 Rc6 33. Ra3 Rd8 34. h4 Rc2 35. Rxa6 Rxb2 36. Ra3 Ne2+ 37. Kh2 Nd4 38. Kg1 Nc2 39. Re2 Rd1 40. Rc3 Rxf1+ 0-1

[Event "Indore op 2nd"]
[Site "Indore"]
[Date "2024.01.10"]
[Round "2"]
[White "Sudarshan, Bhat"]
[Black "Deepan Chakkravarthy, J."]
[Result "0-1"]
[WhiteElo "2120"]
[BlackElo "2422"]
[PlyCount "108"]
[EventDate "2024.01.09"]
[EventType "swiss"]
[EventRounds "10"]
[EventCountry "IND"]
[SourceTitle "CB03_2024"]
[SourceDate "2024.01.17"]
[SourceVersion "1"]
[SourceVersionDate "2024.01.17"]
[SourceQuality "1"]

1. e4 c5 2. c3 Nf6 3. e5 Nd5 4. Nf3 e6 5. d4 cxd4 6. cxd4 Bb4+ 7. Bd2 Bxd2+ 8. Qxd2 b6 9. Nc3 Nxc3 10. Qxc3 Bb7 11. Be2 Nc6 12. 0-0 Rc8 13. Qd2 0-0 14. Rfd1 Ne7 15. Ng5 h6 16. Bf3 Bxf3 17. Nxf3 Qc7 18. Rac1 Qb7 19. b3 Qd5 20. Rxc8 Rxc8 21. Rc1 Rxc1+ 22. Qxc1 Nc6 23. Qe3 b5 24. h4 a5 25. Kh2 a4 26. Kg1 a3 27. h5 d6 28. exd6 Qxd6 29. Qe4 Qd5 30. Qxd5 exd5 31. Kf1 Nb4 32. Ne1 Nxa2 33. Nc2 b4 34. Ke1 Nc1 35. Kd1 Nxb3 36. Nxb4 Nxd4 37. Kc1 Ne2+ 38. Kc2 Nf4 39. g3 Nxh5 40. Nxd5 Nf6 41. Nc3 Kh7 42. Kb3 Kg6 43. Kxa3 Kf5 44. f3 g5 45. Kb4 g4 46. fxg4+ Kxg4 47. Ne2 Ne4 48. Kc4 Nxg3 49. Ng1 f5 50. Kd3 f4 51. Kd2 h5 52. Ke1 f3 53. Kf2 Ne4+ 54. Kf1 h4 0-1

[Event "Madurai Athens of the East op 3rd"]
[Site "Madurai"]
[Date "2023.12.23"]
[Round "1"]
[White "Deepan Chakkravarthy, J."]
[Black "Lakshmi Charan Naidu, G."]
[Result "1-0"]
[WhiteElo "2422"]
[BlackElo "1652"]
[PlyCount "105"]
[EventDate "2023.12.23"]
[EventType "swiss"]
[EventRounds "10"]
[EventCountry "IND"]
[SourceTitle "CB06_2024"]
[SourceDate "2024.02.07"]
[SourceVersion "1"]
[SourceVersionDate "2024.02.07"]
[SourceQuality "1"]

1. Nf3 c5 2. e3 g6 3. c4 Nc6 4. d4 cxd4 5. exd4 d5 6. cxd5 Qxd5 7. Nc3 Qa5 8. d5 Nb8 9. Bb5+ Bd7 10. Bxd7+ Nxd7 11. 0-0 Bg7 12. Re1 Ngf6 13. a3 Rd8 14. Bf4 0-0 15. Rxe7 Nxd5 16. Qxd5 Bxc3 17. Rxd7 Qxd5 18. Rxd5 Rxd5 19. bxc3 f6 20. Be3 Rc8 21. Bd4 Kf7 22. Kf1 h5 23. Ke2 g5 24. h3 g4 25. hxg4 hxg4 26. Ne1 Re8+ 27. Kd2 g3 28. f3 Rh8 29. Nc2 Rh4 30. Rb1 b6 31. Rb4 f5 32. Ne3 Ra5 33. Bxb6 Rxb4 34. Bxa5 Rb2+ 35. Nc2 Rb1 36. Bc7 Rg1 37. Ne1 Ke6 38. Bxg3 Kd5 39. Bf2 Rh1 40. Bxa7 Kc4 41. a4 Rh6 42. a5 Rd6+ 43. Bd4 Kb5 44. Nd3 Kxa5 45. Ne5 Kb5 46. Ke3 Ra6 47. Kf4 Ra2 48. g3 Rg2 49. Kxf5 Rxg3 50. f4 Ka6 51. Ke6 Kb7 52. f5 Kc7 53. f6 1-0

[Event "Tsaghkadzor op"]
[Site "Tsaghkadzor"]
[Date "2023.09.25"]
[Round "7"]
[White "Deepan Chakkravarthy, J."]
[Black "Bharath, Subramaniyam H"]
[Result "0-1"]
[WhiteElo "2439"]
[BlackElo "2496"]
[PlyCount "80"]
[EventDate "2023.09.20"]
[EventType "swiss"]
[EventRounds "9"]
[EventCountry "ARM"]
[SourceTitle "EXT 2024"]
[Source "ChessBase"]
[SourceDate "2023.10.10"]
[SourceVersion "1"]
[SourceVersionDate "2023.10.10"]
[SourceQuality "1"]

1. e4 e5 2. Nf3 Nc6 3. Bc4 Nf6 4. d3 h6 5. c3 d6 6. Bb3 g6 7. 0-0 Bg7 8. Re1 0-0 9. Nbd2 Re8 10. Nc4 Be6 11. Ba4 Rb8 12. Bxc6 bxc6 13. b4 Qd7 14. Na5 Nh5 15. Qa4 f5 16. Qxc6 Qf7 17. Qa4 Rf8 18. Qc2 g5 19. a4 f4 20. Nc6 Rbe8 21. b5 g4 22. Nh4 f3 23. g3 Bf6 24. Nf5 Kh7 25. d4 Bxf5 26. dxe5 Bg6 27. exf6 Nxf6 28. Qd2 Qg7 29. Qd4 Bxe4 30. Bf4 Qg6 31. Qxa7 Qh5 32. Kh1 Nd5 33. h4 gxh3 34. Qd4 h2 35. Rxe4 Qh3 36. Re7+ Nxe7 37. Qd3+ Ng6 38. Qf1 Qg4 39. a5 Nxf4 40. gxf4 Rxf4 0-1

[Event "Forni di Sopra op 14th"]
[Site "Forni di Sopra"]
[Date "2023.06.13"]
[Round "5"]
[White "Bettalli, Francesco"]
[Black "Deepan Chakkravarthy, J."]
[Result "1/2-1/2"]
[WhiteElo "2270"]
[BlackElo "2435"]
[PlyCount "79"]
[EventDate "2023.06.10"]
[EventType "swiss"]
[EventRounds "9"]
[EventCountry "ITA"]
[SourceTitle "CBM 214 Extra"]
[Source "ChessBase"]
[SourceDate "2023.07.31"]
[SourceVersion "1"]
[SourceVersionDate "2023.07.31"]
[SourceQuality "1"]

1. e4 c5 2. Nf3 d6 3. d4 cxd4 4. Nxd4 Nf6 5. Nc3 e6 6. g4 h6 7. h4 Nc6 8. Rg1 d5 9. exd5 Nxd5 10. Nxd5 Qxd5 11. Bg2 Qe5+ 12. Be3 Bd7 13. Nxc6 Bxc6 14. Bxc6+ bxc6 15. Qd4 Qxd4 16. Bxd4 c5 17. Bc3 Rd8 18. Ke2 f6 19. h5 Be7 20. Rad1 Kf7 21. Ba5 Rd5 22. c4 Rxd1 23. Rxd1 Rb8 24. b3 Rb7 25. Ke3 f5 26. gxf5 exf5 27. Kf4 g6 28. hxg6+ Kxg6 29. Rd5 h5 30. Bd8 Bf8 31. Rxf5 Bh6+ 32. Ke4 Rd7 33. Rd5 Rf7 34. Rxc5 Rf4+ 35. Kd3 Rxf2 36. Rc6+ Kh7 37. Rc7+ Kg6 38. Rc6+ Kh7 39. Rc7+ Kg6 40. Rc6+ 1/2-1/2

[Event "Forni di Sopra op 14th"]
[Site "Forni di Sopra"]
[Date "2023.06.10"]
[Round "1"]
[White "Bordignon, Angelo"]
[Black "Deepan Chakkravarthy, J."]
[Result "1-0"]
[WhiteElo "2044"]
[BlackElo "2435"]
[PlyCount "97"]
[EventDate "2023.06.10"]
[EventType "swiss"]
[EventRounds "9"]
[EventCountry "ITA"]
[SourceTitle "CBM 214 Extra"]
[Source "ChessBase"]
[SourceDate "2023.07.31"]
[SourceVersion "1"]
[SourceVersionDate "2023.07.31"]
[SourceQuality "1"]

1. d4 Nf6 2. c4 e6 3. Nc3 Bb4 4. a3 Bxc3+ 5. bxc3 c5 6. f3 d5 7. cxd5 exd5 8. e3 0-0 9. Bd3 Nc6 10. Ne2 Re8 11. 0-0 Rb8 12. Ng3 h5 13. Ra2 b5 14. Raf2 a5 15. h3 b4 16. axb4 axb4 17. cxb4 c4 18. Bb1 Nxb4 19. e4 h4 20. Ne2 Ba6 21. Bg5 Nd3 22. e5 Nxf2 23. Rxf2 Qb6 24. Bc2 Nd7 25. f4 f6 26. Bxh4 fxe5 27. fxe5 Rf8 28. Nf4 Qh6 29. Qg4 Bc8 30. Qg3 Rb2 31. Bg5 Qc6 32. Qh4 Rxc2 33. Rxc2 Nb6 34. Rf2 Bf5 35. Be7 Rf7 36. e6 Bxe6 37. Ng6 Rxf2 38. Qh8+ Kf7 39. Ne5+ Kxe7 40. Nxc6+ Kd6 41. Kxf2 Kxc6 42. Qf8 Nd7 43. Qxg7 Bf5 44. Qh6+ Kb5 45. Qf4 Be4 46. Qd6 Nb6 47. Qc5+ Ka6 48. g4 Nd7 49. Qc8+ 1-0

[Event "Munich Pfingst op-A 1st"]
[Site "Munich"]
[Date "2023.06.05"]
[Round "8"]
[White "Deepan Chakkravarthy, J."]
[Black "Demchenko, Anton"]
[Result "0-1"]
[WhiteElo "2435"]
[BlackElo "2623"]
[PlyCount "118"]
[EventDate "2023.05.31"]
[EventType "swiss"]
[EventRounds "9"]
[EventCountry "GER"]
[SourceTitle "EXT 2024"]
[Source "ChessBase"]
[SourceDate "2023.10.10"]
[SourceVersion "1"]
[SourceVersionDate "2023.10.10"]
[SourceQuality "1"]

1. e4 e5 2. Nf3 Nc6 3. Bc4 Nf6 4. d3 h6 5. 0-0 d6 6. c3 g6 7. d4 Qe7 8. Re1 Bg7 9. Nbd2 0-0 10. h3 b6 11. a4 a6 12. d5 Na5 13. Bf1 Nb7 14. a5 bxa5 15. Nb3 a4 16. Rxa4 a5 17. Bb5 Bd7 18. Qe2 Rfb8 19. Bxd7 Nxd7 20. Be3 Nb6 21. Ra3 f5 22. Nfd2 Nd7 23. f3 Nf6 24. Rea1 Qe8 25. Bf2 fxe4 26. fxe4 Nh5 27. Nc1 Nf4 28. Qf1 Rc8 29. Nc4 Rab8 30. Ba7 Ra8 31. Be3 Rab8 32. Ba7 Ra8 33. Be3 Rab8 34. g3 Nh5 35. Kg2 Nf6 36. Nd2 c6 37. c4 cxd5 38. exd5 Nc5 39. b3 e4 40. Rxa5 Nh5 41. R1a3 Qe5 42. Qe1 Rf8 43. b4 Rxb4 44. Rxc5 dxc5 45. Bxc5 Rb2 46. Bxf8 Bxf8 47. Re3 Bb4 48. Ncb3 Ng7 49. g4 Bd6 50. Qf2 Qh2+ 51. Kf1 Qh1+ 52. Qg1 Qxg1+ 53. Kxg1 Bf4 54. Kf2 Kf7 55. c5 Ne8 56. d6 Nf6 57. c6 Bxd6 58. Rc3 Nd5 59. Rc4 e3+ 0-1

[Event "Munich Pfingst op-A 1st"]
[Site "Munich"]
[Date "2023.06.04"]
[Round "6"]
[White "Deepan Chakkravarthy, J."]
[Black "Ivanov, Mike"]
[Result "1-0"]
[WhiteElo "2435"]
[BlackElo "2321"]
[PlyCount "103"]
[EventDate "2023.05.31"]
[EventType "swiss"]
[EventRounds "9"]
[EventCountry "GER"]
[SourceTitle "CBM 214 Extra"]
[Source "ChessBase"]
[SourceDate "2023.07.31"]
[SourceVersion "1"]
[SourceVersionDate "2023.07.31"]
[SourceQuality "1"]

1. e4 e6 2. d4 d5 3. e5 Bd7 4. c3 a6 5. Be3 Bb5 6. Nd2 Ne7 7. Ne2 Nf5 8. a4 Bd3 9. Nf3 Be4 10. Ng3 Nxg3 11. hxg3 Be7 12. Bd3 Bxd3 13. Qxd3 h6 14. g4 Nd7 15. g5 c5 16. gxh6 gxh6 17. Rxh6 Rxh6 18. Bxh6 Qb6 19. Qe2 0-0-0 20. Be3 Rh8 21. Kf1 Qb3 22. Kg1 c4 23. Bg5 Bf8 24. a5 Rg8 25. g3 Nb8 26. Kg2 Qb5 27. Qc2 Rh8 28. Bf6 Rh6 29. Ng5 Qe8 30. b4 Nd7 31. Nh7 Be7 32. Bxe7 Qxe7 33. Rh1 Rxh1 34. Kxh1 f5 35. exf6 Nxf6 36. Nxf6 Qxf6 37. Qe2 Kd7 38. Kg2 Qg6 39. g4 Qg7 40. Kg3 Qg6 41. Qf3 Ke7 42. Qf4 Qd3+ 43. Qe3 Qc2 44. g5 Kd7 45. Qf3 Qb1 46. Qf7+ Kd6 47. g6 Qg1+ 48. Kh4 Qh2+ 49. Kg5 Qg2+ 50. Kh6 Qh3+ 51. Kg7 Qh4 52. Qf6 1-0

[Event "Titled Tuesday intern op 16th May Early"]
[Site "Chess.com INT"]
[Date "2023.05.16"]
[Round "3"]
[White "Deepan Chakkravarthy, J."]
[Black "Ter Sahakyan, Samvel"]
[Result "0-1"]
[WhiteElo "2435"]
[BlackElo "2617"]
[PlyCount "44"]
[EventDate "2023.05.16"]
[EventType "swiss (blitz)"]
[EventRounds "11"]
[EventCountry "USA"]
[SourceTitle "CBM 214 Extra"]
[Source "ChessBase"]
[SourceDate "2023.07.31"]
[SourceVersion "1"]
[SourceVersionDate "2023.07.31"]
[SourceQuality "1"]

1. e4 c5 2. Nf3 e6 3. c3 d5 4. e5 d4 5. Bb5+ Bd7 6. Bxd7+ Qxd7 7. 0-0 Nc6 8. Na3 Nge7 9. Nc4 Ng6 10. Re1 b5 11. Na3 a6 12. d3 Be7 13. Nc2 dxc3 14. bxc3 0-0 15. d4 Rfd8 16. Be3 Rac8 17. Qe2 cxd4 18. cxd4 Qb7 19. g3 Na5 20. h4 Rxc2 21. Qxc2 Qxf3 22. d5 Rxd5 0-1

[Event "Titled Tuesday intern op 25th Apr Early"]
[Site "Chess.com INT"]
[Date "2023.04.25"]
[Round "5"]
[White "Goncharov, Vladimir"]
[Black "Deepan Chakkravarthy, J."]
[Result "1-0"]
[WhiteElo "2077"]
[BlackElo "2432"]
[PlyCount "61"]
[EventDate "2023.04.25"]
[EventType "swiss (blitz)"]
[EventRounds "11"]
[EventCountry "USA"]
[SourceTitle "EXT 2024"]
[Source "ChessBase"]
[SourceDate "2023.10.10"]
[SourceVersion "1"]
[SourceVersionDate "2023.10.10"]
[SourceQuality "1"]

1. e4 d6 2. d4 g6 3. Nc3 Bg7 4. Be3 a6 5. Qd2 b5 6. Bd3 Bb7 7. a4 b4 8. Nd1 a5 9. c3 Nc6 10. Ne2 bxc3 11. bxc3 e6 12. 0-0 Nge7 13. Bh6 0-0 14. Bxg7 Kxg7 15. f4 f5 16. Ng3 fxe4 17. Nxe4 h6 18. Rb1 Rb8 19. Ndf2 Nd5 20. g3 Nce7 21. Rbe1 Qd7 22. Bb5 Bc6 23. c4 Nf6 24. Nxf6 Rxf6 25. Qxa5 Qc8 26. d5 Ba8 27. Ng4 Rf7 28. Rxe6 Bxd5 29. Qc3+ Kf8 30. Qh8+ Ng8 31. Rxg6 1-0

[Event "Veyangoda Queenstar op"]
[Site "Veyangoda"]
[Date "2023.04.18"]
[Round "5"]
[White "Sivathanujan, S."]
[Black "Deepan Chakkravarthy, J."]
[Result "0-1"]
[WhiteElo "1834"]
[BlackElo "2432"]
[PlyCount "100"]
[EventDate "2023.04.16"]
[EventType "swiss"]
[EventRounds "9"]
[EventCountry "SRI"]
[SourceTitle "EXT 2024"]
[Source "ChessBase"]
[SourceDate "2023.10.10"]
[SourceVersion "1"]
[SourceVersionDate "2023.10.10"]
[SourceQuality "1"]

1. e4 c5 2. Nf3 d6 3. c3 Nf6 4. Bc4 e6 5. d3 Be7 6. 0-0 0-0 7. Re1 Nc6 8. a4 b6 9. Bb3 Bb7 10. h3 Re8 11. Bf4 Bf8 12. Nbd2 h6 13. Bc2 Rc8 14. Rc1 Nd7 15. Nc4 Qc7 16. Bb1 a6 17. b4 b5 18. axb5 axb5 19. Na3 Qb6 20. bxc5 dxc5 21. Qb3 c4 22. Qb2 Ra8 23. Nxb5 Ba3 24. Qxa3 Rxa3 25. Nxa3 Na5 26. dxc4 e5 27. Be3 Qb2 28. Rcd1 Bc6 29. Bc1 Qb7 30. Be3 Qb3 31. Bc1 Nc5 32. Bc2 Qb7 33. Be3 Nxe4 34. Rb1 Qe7 35. Ra1 f5 36. Bb6 Nb7 37. Nb5 Qf6 38. Nc7 Rc8 39. Na6 Ng5 40. Nxe5 Bxg2 41. Kxg2 Qxb6 42. Nb4 Nxh3 43. Kxh3 Qxf2 44. Nd5 Re8 45. Ba4 f4 46. Nxf4 Rxe5 47. Rxe5 Qf3+ 48. Kh2 Qxf4+ 49. Kg2 Qxe5 50. Bb5 Nc5 0-1

[Event "Indore op 1st"]
[Site "Indore"]
[Date "2023.04.08"]
[Round "10"]
[White "Aronyak, Ghosh"]
[Black "Deepan Chakkravarthy, J."]
[Result "1/2-1/2"]
[WhiteElo "2534"]
[BlackElo "2432"]
[PlyCount "41"]
[EventDate "2023.04.01"]
[EventType "swiss"]
[EventRounds "10"]
[EventCountry "IND"]
[SourceTitle "CBM 213 Extra"]
[Source "ChessBase"]
[SourceDate "2023.05.31"]
[SourceVersion "1"]
[SourceVersionDate "2023.05.31"]
[SourceQuality "1"]

1. Nf3 Nf6 2. g3 g6 3. c4 Bg7 4. Bg2 0-0 5. 0-0 c6 6. b3 Ne4 7. d4 d5 8. Bb2 a5 9. Nc3 Nxc3 10. Bxc3 b6 11. Qd2 Nd7 12. Rfc1 Ba6 13. cxd5 cxd5 14. Ne5 Rc8 15. Bb2 Nb8 16. Ba3 f6 17. Nd3 Re8 18. Nf4 e6 19. Bh3 f5 20. Rxc8 Qxc8 21. Rc1 1/2-1/2

[Event "Indore op 1st"]
[Site "Indore"]
[Date "2023.04.07"]
[Round "9"]
[White "Deepan Chakkravarthy, J."]
[Black "Audi, Ameya"]
[Result "1/2-1/2"]
[WhiteElo "2432"]
[BlackElo "2387"]
[PlyCount "146"]
[EventDate "2023.04.01"]
[EventType "swiss"]
[EventRounds "10"]
[EventCountry "IND"]
[SourceTitle "CBM 213 Extra"]
[Source "ChessBase"]
[SourceDate "2023.05.31"]
[SourceVersion "1"]
[SourceVersionDate "2023.05.31"]
[SourceQuality "1"]

1. Nf3 Nf6 2. g3 g6 3. b3 Bg7 4. Bb2 d6 5. d4 c5 6. c4 cxd4 7. Nxd4 d5 8. Bg2 dxc4 9. bxc4 Qb6 10. Qb3 Nfd7 11. Nd2 Nc5 12. Qa3 Nc6 13. Bxc6+ bxc6 14. Rb1 Ne4 15. Nxe4 Bxd4 16. e3 Bxb2 17. Rxb2 Qc7 18. 0-0 0-0 19. Qc5 Bh3 20. Rfb1 Rab8 21. Ng5 Rxb2 22. Rxb2 Bg4 23. h3 Bf5 24. e4 Bc8 25. Kg2 Rd8 26. Nf3 f6 27. h4 e5 28. Rd2 Rxd2 29. Nxd2 Kf7 30. Nf1 Bd7 31. Ne3 Qb6 32. Qd6 Qd4 33. Nd5 Qxe4+ 34. Kh2 cxd5 35. Qxd7+ Kf8 36. cxd5 Qf3 37. Kg1 e4 38. d6 e3 39. Qe7+ Kg8 40. Qe8+ Kg7 41. Qxe3 Qxe3 42. fxe3 Kf7 43. Kf2 Ke6 44. Kf3 Kxd6 45. Kf4 h5 46. e4 a5 47. a3 a4 48. Ke3 Ke5 49. Kd3 f5 50. exf5 Kxf5 51. Ke3 Ke5 52. Kf3 Kd4 53. g4 Kc3 54. gxh5 gxh5 55. Ke3 Kb3 56. Kd3 Kxa3 57. Kc3 Ka2 58. Kc2 Ka3 59. Kc3 Ka2 60. Kc2 a3 61. Kc1 Kb3 62. Kb1 Kc4 63. Ka2 Kb4 64. Ka1 Kc4 65. Ka2 Kd4 66. Kxa3 Ke3 67. Kb2 Kf2 68. Kc2 Kg3 69. Kd2 Kxh4 70. Ke2 Kg3 71. Kf1 h4 72. Kg1 h3 73. Kh1 h2 1/2-1/2

[Event "Indore op 1st"]
[Site "Indore"]
[Date "2023.04.03"]
[Round "4"]
[White "Koustuv, Dash"]
[Black "Deepan Chakkravarthy, J."]
[Result "0-1"]
[WhiteElo "1919"]
[BlackElo "2432"]
[PlyCount "96"]
[EventDate "2023.04.01"]
[EventType "swiss"]
[EventRounds "10"]
[EventCountry "IND"]
[SourceTitle "CBM 213 Extra"]
[Source "ChessBase"]
[SourceDate "2023.05.31"]
[SourceVersion "1"]
[SourceVersionDate "2023.05.31"]
[SourceQuality "1"]

1. d4 g6 2. c4 Bg7 3. Nc3 c5 4. d5 d6 5. e4 e6 6. Nge2 a6 7. a4 Ne7 8. Ng3 0-0 9. Be2 h6 10. Be3 exd5 11. cxd5 Nd7 12. Qd2 Kh7 13. h4 Rb8 14. f4 h5 15. e5 dxe5 16. Nce4 Kh8 17. 0-0 Ng8 18. f5 Ndf6 19. Bxc5 Nxe4 20. Nxe4 Qxh4 21. Bf3 Bxf5 22. g3 Qd8 23. Bxf8 Bxf8 24. d6 Bxe4 25. Bxe4 Bxd6 26. Rad1 Bc5+ 27. Kg2 Qxd2+ 28. Rxd2 f5 29. Rd5 b6 30. Rxe5 fxe4 31. Rxe4 a5 32. Rf7 Nh6 33. Rd7 Rg8 34. Re6 Rg7 35. Rd5 Kh7 36. b4 axb4 37. a5 Nf5 38. Rde5 Bd4 39. Rb5 bxa5 40. Ra6 Rf7 41. Raxa5 Ne3+ 42. Kh3 Rf1 43. g4 hxg4+ 44. Kh4 Bf6+ 45. Kg3 Rf3+ 46. Kh2 g3+ 47. Kh3 g2+ 48. Kh2 Rf1 0-1

[Event "Titled Tuesday intern op 14th Mar Early"]
[Site "Chess.com INT"]
[Date "2023.03.14"]
[Round "2"]
[White "Deepan Chakkravarthy, J."]
[Black "Santos, Jose Guilherme B Li"]
[Result "1-0"]
[WhiteElo "2432"]
[BlackElo "2375"]
[PlyCount "91"]
[EventDate "2023.03.14"]
[EventType "swiss (blitz)"]
[EventRounds "11"]
[EventCountry "USA"]
[SourceTitle "EXT 2024"]
[Source "ChessBase"]
[SourceDate "2023.10.10"]
[SourceVersion "1"]
[SourceVersionDate "2023.10.10"]
[SourceQuality "1"]

1. Nf3 Nf6 2. g3 g6 3. Bg2 Bg7 4. 0-0 0-0 5. d4 d6 6. Nc3 Nc6 7. e4 e5 8. h3 exd4 9. Nxd4 Nxd4 10. Qxd4 Re8 11. Qd3 Nd7 12. Re1 Nc5 13. Qd1 Be6 14. Nd5 Qd7 15. Nf4 Bc4 16. c3 Ne6 17. Nd5 Bxd5 18. exd5 Nc5 19. Be3 b6 20. a4 a5 21. Bf1 Qe7 22. Bb5 Nd7 23. Bd2 Qd8 24. Rxe8+ Qxe8 25. Qg4 f5 26. Qc4 Rc8 27. Re1 Qf7 28. f4 Nf6 29. Re6 Ne4 30. Be1 Nc5 31. b4 axb4 32. cxb4 Nxe6 33. dxe6 Qe7 34. Bd7 Ra8 35. Qxc7 Bd4+ 36. Kg2 Rd8 37. a5 bxa5 38. bxa5 Qf6 39. a6 Bc5 40. h4 Qb2+ 41. Kh3 Ra8 42. Bc6 Bg1 43. Qf7+ Kh8 44. Bc3+ Qxc3 45. Bxa8 Qb2 46. Qf8# 1-0